000 00793nam a22002177a 4500
005 20251128125150.0
010 _aB-763779-800 ENG-147160 BACEN25
020 _a9789382658849
_c795.00
035 _aB-763779-800
035 _aEN-130692
037 _bDivyam Prakashan
037 _bDBAD
_aDPL
082 _a372.623
100 _aK.K. Singh
_985792
245 _aBrighten Your English Writing Skills /
_cby K.K. Singh
260 _aDelhi
_bDivyam Prakashan
_c2021
270 _a1093, Dr. Mukharjee Nagar,
_bDelhi
_e110009
300 _a176p.
_c23cm(Hb)
942 _2ddc
_cEN
_h372.623
_mKKS
999 _c209563
_d209563